FC Bayern München Kader Saison 2017/2018 - Statistiken

Allgemein
  • Dieses Quiz wurde 62 mal gespielt
  • Das Durchschnittsergebnis liegt bei 21 aus 28
Antwortstatistiken
Nummer Nation Spieler % Korrekt
1 Deutschland Manuel Neuer
100%
25 Deutschland Thomas Müller
100%
10 Niederlande Arjen Robben
96%
27 Österreich David Alaba
96%
17 Deutschland Jerome Boateng
96%
32 Deutschland Joshua Kimmich
96%
29 Frankreich Kingsley Coman
96%
5 Deutschland Mats Hummels
96%
9 Polen Robert Lewandowski
96%
7 Frankreich Franck Ribéry
94%
26 Deutschland Sven Ulreich
94%
6 Spanien Thiago
94%
8 Spanien Javi Martinez
92%
23 Chile Arturo Vidal
91%
11 Kolumbien James Rodriguez
83%
4 Deutschland Niklas Süle
79%
13 Brasilien Rafinha
77%
24 Frankreich Corentin Tolisso
72%
14 Spanien Juan Bernat
70%
2 Deutschland Sandro Wagner
68%
22 Deutschland Tom Starke
58%
19 Deutschland Sebastian Rudy
53%
36 Deutschland Christian Früchtl
51%
40 Kroatien Fabian Benko
36%
20 Deutschland Felix Götze
36%
30 Deutschland Niklas Dorsch
32%
28 Ghana Kwasi Okyere Wriedt
30%
15 Deutschland Lars Lukas Mai
15%
Keine übereinstimmenden Quizze gefunden
Verteilung der Resultate
Anzahl Personen mit jedem Resultat
Perzentil nach korrekt beantworteten Fragen
Ihre Resultats-Entwicklung
Sie haben dieses Quiz noch nicht gespielt